[Event "ICS rated blitz match"]
[Site "204.178.125.65"]
[Date "1999.09.28"]
[Round "?"]
[White "ThunderLips"]
[Black "Hossa"]
[Result "1-0"]
[WhiteElo "2290"]
[BlackElo "2512"]
[Annotator "Fritz 5.32 (60s)"]
[PlyCount "86"]
[EventDate "1999.??.??"]

1. c4 Nf6 2. Nc3 e5 3. Nf3 Nc6 4. d4 exd4 5. Nxd4 Bb4 6. g3 O-O 7. Bg2 Bxc3+ 8.
bxc3 Ne5 9. Qb3 (9. c5 Qe7 10. Nb3 Rb8 11. O-O b6 12. Re1 bxc5 13. f4 Nc4 14.
e4 d6 15. Qe2 Ba6 16. Na5 Qe6 17. f5 Qe5 18. Nc6 Qxc3 19. Nxb8 Rxb8 20. Bf4 Nd7
21. Bf1 Rb2 22. Qd3 Qa5 23. Qd5 23... Ncb6 {
Seirawan,Y-Van Wely,L/Elista 1998/CBM 66 ext/1-0 (63)}) 9... Re8 10. O-O 10...
Ng6 $146 (10... d6 11. h3 c5 12. Nc2 Be6 13. Ne3 Rb8 14. Nd5 b5 15. Bg5 Nxc4
16. Bxf6 gxf6 17. Qc2 Bxd5 18. Bxd5 Qd7 19. Kh2 Re5 20. Bg2 d5 21. Rad1 Rbe8
22. e4 d4 23. cxd4 cxd4 24. Rfe1 Rd8 25. Bf1 f5 26. a4 a6 27. axb5 axb5 28. Bd3
fxe4 29. Rxe4 Rxe4 30. Bxe4 h6 31. Qc1 Qe6 32. Qf4 32... Kf8 {
- Engels,L-Saemisch,F/Dresden 1936/HCL (32)}) 11. Ba3 (11. Bxb7 $2 {
scheitert an} 11... Rb8 $19) 11... Ne4 $11 (11... d6 12. Rfd1 $15) 12. Qc2
12... Ng5 $16 (12... Nf6 $5 $11 {ist bedenkenswert}) 13. f4 Ne6 14. f5 Nxd4 15.
cxd4 Nf8 16. f6 gxf6 17. Rab1 Ne6 18. Qd3 18... c5 $18 (18... d6 $5 $14 $142 {
muss erwogen werden}) 19. dxc5 Rb8 20. e3 Nc7 (20... b6 21. Bd5 $18) 21. Be4 h6
22. Bh7+ Kh8 23. Bb2 {Mit der Mattdrohung Rxf6} 23... Re6 24. Bd4 $16 (24. Bf5
$5 $142 24... Ra6 25. Qd4 25... d5 $18) 24... Ne8 $18 (24... b5 25. Rf4 a6 26.
Qf5 $18) 25. Be4 Ra6 (25... Kg7 $18) 26. Rf2 (26. c6 d6 (26... dxc6 $4 27.
Bxf6+ Qxf6 28. Rxf6 Nxf6 29. Qd6 $18) 27. Bd5 27... Be6 $18) 26... d6 (26...
Qe7 27. Bd5 $18) 27. cxd6 (27. Rbf1 $5 27... dxc5 28. Bxf6+ Qxf6 29. Rxf6 Nxf6
30. Qd8+ 30... Kg7 $18) 27... Qxd6 28. c5 Qc7 29. c6 Ra4 30. Qc2 (30. Bxf6+
Nxf6 31. Rxf6 Rxe4 32. Qxe4 32... Kg7 $18) 30... b5 (30... Ra5 31. Bc3 b6 32.
Bxa5 bxa5 33. Rxb8 33... Qxb8 $18) 31. Rxf6 $1 {macht alles klar. Droht Matt} (
{Dagegen} 31. Bxf6+ 31... Nxf6 32. Rxf6 32... Qe5 $18) 31... Nxf6 32. Bxf6+ Kg8
33. Bh7+ Kf8 34. Qc5+ Ke8 35. Bd8 (35. Rd1 {ginge schneller} 35... Be6 (35...
Rxa2 {auch hier ist das Schlagen wieder schlecht} 36. Qe5+ Be6 37. Qxc7 Rg2+
38. Kxg2 Bh3+ 39. Kxh3 a5 40. Qxb8#) 36. Rd7 Qxd7 37. cxd7+ 37... Kxd7 $18)
35... Rc4 (35... Qxd8 $4 {den Laeufer zu nehmen, verliert} 36. c7 Be6 37.
cxd8=Q+ (37. cxb8=R $6 {kommt nicht in Frage} 37... Qxb8 38. Be4 38... Bd7 $16
(38... Rxa2 $4 {Schwarz schlaegt einen vergifteten Bauern} 39. Bc6+ (39. Qxb5+
Qxb5 40. Rxb5 40... a5 $17) 39... Bd7 40. Rxb5 Ra1+ 41. Kf2 Ra2+ 42. Kf3 Qxb5
43. Qxb5 $18)) (37. cxb8=Q $6 {ist naheliegend und schlecht} 37... Qxb8 38. Be4
38... Bd7 $16 (38... Rxa2 {Schwarz muss den Bauern stehen lassen} 39. Bc6+ (39.
Qxb5+ Qxb5 40. Rxb5 40... a5 $17) 39... Bd7 40. Rxb5 Ra1+ 41. Kf2 Ra2+ 42. Kf3
Qxb5 43. Qxb5 $18)) (37. cxb8=N $6 {ist deutlich schlechter} 37... Qxb8 38. Be4
38... Bd7 $16 (38... Rxa2 {Der Bauer kann immer noch nicht genommen werden} 39.
Bc6+ (39. Qxb5+ Qxb5 40. Rxb5 40... a5 $17) 39... Bd7 40. Rxb5 Ra1+ 41. Kf2
Ra2+ 42. Kf3 Qxb5 43. Qxb5 $18)) (37. cxb8=B $6 {bringt nichts} 37... Qxb8 38.
Be4 38... Bd7 $16 (38... Rxa2 {ein in allen Varianten unverwundbarer Bauer} 39.
Bc6+ (39. Qxb5+ Qxb5 40. Rxb5 40... a5 $17) 39... Bd7 40. Rxb5 Ra1+ 41. Kf2
Ra2+ 42. Kf3 Qxb5 43. Qxb5 $18)) 37... Rxd8 38. Qxb5+ Bd7 39. Qe5+ Be6 40. Bg6
$18) 36. Bxc7 {Es droht Matt} 36... Rxc5 37. Bxb8 Rxc6 38. Rxb5 a6 39. Rb2 Rc1+
40. Kf2 Be6 41. Bf4 h5 42. Bd3 Rc6 43. e4 Kf8 1-0

[Event "ICS rated blitz match"]
[Site "204.178.125.65"]
[Date "1999.09.26"]
[Round "?"]
[White "ThunderLips"]
[Black "Hossa"]
[Result "0-1"]
[WhiteElo "2138"]
[BlackElo "2510"]
[Annotator "Fritz 5.32 (60s)"]
[PlyCount "26"]
[EventDate "1999.??.??"]

1. b4 e5 2. Bb2 f6 3. e4 Bxb4 4. Bc4 Ne7 5. Qh5+ (5. c3 Ba5 6. d4 Nbc6 7. d5
Nb8 8. f4 d6 9. Qh5+ g6 10. Qh6 exf4 11. Qg7 Rf8 12. Qxh7 Nd7 13. Ne2 Ne5 14.
Nd2 Qd7 15. Nd4 Ng8 16. Qh4 g5 17. Qf2 Bb6 18. Be2 Nh6 19. h3 19... Qh7 {
Zuse,K-Panzalovic,S/Germany 1998/EXT 99/0-1 (32)}) 5... g6 $146 (5... Ng6 6. f4
(6. Nf3 Nc6 7. O-O a6 8. c3 Ba5 9. d4 d6 10. Nh4 Nce7 11. f4 d5 12. Nxg6 Nxg6
13. Bxd5 exf4 14. Nd2 Qe7 15. Nc4 Bb6 16. Ba3 Qd7 17. Rxf4 Ba7 18. Re1 c6 19.
Nd6+ Ke7 20. Nf7+ 20... c5 {Danek,V-Brudnova,J/Klatovy 1997/EXT 98/1-0 (36)})
6... exf4 7. Nf3 (7. Ne2 Qe7 8. Nbc3 Qe5 9. Qf3 Nc6 10. O-O-O Bxc3 11. Bxc3 Qc5
12. Bb3 Na5 13. d4 Nxb3+ 14. axb3 Qg5 15. Kb2 O-O 16. h4 Nxh4 17. Qd3 d5 18.
Bd2 Bg4 19. g3 Bxe2 20. Qxe2 Qxg3 21. Rdg1 f3 22. Qb5 Ng2 23. Qxd5+ Rf7 24.
Rxh7 Kxh7 25. Qxf7 Qh4 26. Rf1 Qh3 27. e5 Ne3 28. exf6 Rg8 29. Bxe3 {
1-0 Rodriguez,A-Gamarra Caceres,C/Chaco 1993/EXT 98 (29)}) 7... Qe7 8. e5 d6 9.
Nh4 Rf8 10. Nxg6 hxg6 11. Qxg6+ Kd8 12. a3 Ba5 13. O-O fxe5 14. Qe4 Nc6 15. Nc3
Bb6+ 16. Kh1 Bf5 17. Qf3 Rh8 18. h3 Qh4 19. Nd5 Bc5 20. Ne3 {
Piron,J-Honhon,R/Huy 1992/EXT 97/0-1 (31)}) 6. Qh4 Nec6 7. Ne2 Na5 8. Bd3 O-O
9. a3 Bc5 10. Nbc3 c6 11. Na4 Be7 12. O-O $19 (12. Qh6 $5 $17) 12... f5 $17 (
12... d5 $5 13. Qh6 d4 14. Bc1 $17) 13. Qg4 $4 $19 {fuehrt zu weiteren Sorgen}
(13. Qg3 $142 13... d6 14. exf5 $17) 13... fxg4 (13... fxg4 14. Bxe5 14... d6
$19) 0-1

[Event "ICS rated blitz match"]
[Site "204.178.125.65"]
[Date "1999.10.01"]
[Round "?"]
[White "ThunderLips"]
[Black "Hossa"]
[Result "1-0"]
[WhiteElo "2470"]
[BlackElo "2445"]
[Annotator "Fritz 5.32 (60s)"]
[PlyCount "134"]
[EventDate "1999.??.??"]

1. d4 Nf6 2. c4 e6 3. Nf3 d5 4. Bg5 Be7 5. Nc3 O-O 6. e3 h6 7. Bh4 b6 8. Bd3 c5
(8... Nbd7 9. cxd5 Nxd5 10. Nxd5 Bxh4 11. Nxh4 exd5 12. Nf5 Nf6 13. Rc1 g6 14.
Ng3 Qe7 15. Qc2 Bd7 16. O-O c6 17. Rfe1 Rfe8 18. a3 h5 19. h3 h4 20. Nf1 Ne4
21. Nh2 Rac8 22. Nf3 c5 23. Qe2 {Pinter,J-Short,N/Rotterdam 1988/CBM 09/ - (41)
}) (8... Bb7 9. Ne5 dxc4 10. Bxc4 Bxg2 11. Rg1 Bd5 12. Bxf6 Bxf6 13. Bxd5 exd5
14. Qh5 Bxe5 15. Qxe5 f6 16. Qe6+ Rf7 17. Nxd5 c6 18. Nf4 Qe7 19. Qb3 Nd7 20.
O-O-O Nf8 21. Rg3 Kh8 22. Rdg1 Rd8 23. Qd1 {
Jorgensen,P-Pedersen,D/DEN-chB 1993/EXT 98/ - (69)}) 9. cxd5 $146 (9. O-O Nc6 (
9... cxd4 10. exd4 dxc4 (10... Nc6 11. a3 Bb7 12. Rc1 Rc8 13. Bg3 dxc4 14. Bb1
Na5 15. Be5 Nb3 16. Rc2 Qd7 17. Re2 Rfd8 18. Re3 Bxf3 19. Qxf3 Nxd4 20. Qh3 Nf5
21. Rf3 Rc5 22. Bxf6 Bxf6 23. g4 Bxc3 24. bxc3 Ne7 25. Rg3 {
Kotov,A-Dubinin,P/Moscow 1940/URS-ch/0-1 (45)}) 11. Bxc4 Ba6 12. Bxa6 Nxa6 13.
Ne5 Rc8 14. Qa4 Nb4 15. Qxa7 Ra8 16. Qb7 Rb8 17. Qf3 Qxd4 18. Bg3 Rbc8 19. Rad1
Qc5 20. Nd7 Nxd7 21. Rxd7 Nc6 22. Bf4 Qf5 23. Qg3 e5 24. Bxh6 {
Pachman,L-Fred,A/Marianske Lazne 1951/EXT 98/1-0 (45)}) 10. Rc1 Bb7 11. cxd5
exd5 12. Bb1 c4 13. a3 g6 14. Bg3 Nh5 15. Be5 Nxe5 16. Nxe5 Bf6 17. f4 Bg7 18.
f5 Bxe5 19. dxe5 Qg5 20. Qd4 Rae8 21. Nb5 Ba8 22. Nd6 Re7 23. Rf3 Rd7 24. f6
Rxd6 25. h4 Ng3 26. Re1 Qh5 27. exd6 Ne4 28. Bxe4 dxe4 29. Rf2 Rd8 30. Qxc4 Qe5
31. Rd1 31... Qe8 {1-0 Olafsson,O-Gunnarsson,G/Reykjavik 1972/EXT 99 (31)})
9... exd5 10. dxc5 bxc5 11. O-O $11 (11. Bxf6 Bxf6 12. Nxd5 12... Bxb2 $14 (
12... Qxd5 $4 13. Bh7+ Kxh7 14. Qxd5 $18)) 11... Nbd7 12. Bg3 12... Re8 $16 (
12... Bb7 $5 $11 $142 {muss unbedingt geprueft werden}) 13. Bb5 $14 (13. Nb5
Bb7 14. Nc7 Nh5 15. Nxe8 Nxg3 16. hxg3 16... Qxe8 $16) 13... Bb7 14. Ne5 a6 15.
Ba4 Nxe5 16. Bxe8 Nc4 17. b3 17... Qxe8 $16 (17... Nb6 18. Ba4 $14) 18. bxc4
dxc4 19. Qc2 19... Qc6 {Droht Matt: Qxg2} 20. f3 Nh5 21. Bf2 Rb8 22. Rab1 Qe6
23. Na4 Bd6 24. e4 24... Qe5 {Es droht Matt} 25. g3 Nf6 26. Nb6 (26. Qxc4 $5
26... Bc6 27. Qxa6 Rxb1 28. Rxb1 28... Be8 $18) 26... Qh5 27. Nxc4 Bc7 28. Qd3
Ne8 29. Qd7 f6 (29... Rd8 30. Qe7 Ba8 31. Bxc5 $18) 30. Qe7 Qg6 (30... Kh7 31.
Rb3 Bc8 32. Rxb8 Bxb8 33. Qxc5 Qxc5 34. Bxc5 34... Be6 $18) 31. Bxc5 (31. Rb3
$18 $142 {liesse Schwarz keine Chance}) 31... Bxg3 32. Qe6+ $1 {
ein laestiges Schach. Weiss erhaelt starke Initiative} (32. Rxb7 $2 {
ist naheliegend und schlecht} 32... Bd6+ 33. Kh1 Bxe7 34. Rxe7 34... Qh5 $19) (
32. hxg3 $6 32... Qxg3+ 33. Kh1 Qh3+ 34. Kg1 Qg3+ 35. Kh1 Qh3+ 36. Kg1 36...
Qg3+ $11) 32... Kh7 33. Qf5 $1 {nun ist alles klar} (33. hxg3 $6 33... Qxg3+
34. Kh1 Qh4+ 35. Kg1 Qg3+ 36. Kh1 Qh4+ 37. Kg1 37... Qg3+ $11) 33... Qxf5 34.
exf5 Bf4 35. Be3 Bxe3+ 36. Nxe3 Nd6 37. Kf2 Nb5 38. Rfc1 h5 (38... Rc8 39. Rxc8
Bxc8 40. Rd1 $18) 39. a4 Nd6 40. Rb6 Nc8 41. Rxc8 (41. Re6 {ist genauer} 41...
Ba8 $18) 41... Rxc8 42. Rxb7 Rd8 (42... Rc6 {holt die Kuh nicht vom Eis} 43.
Rd7 $18) 43. Ra7 Rd6 44. Ng2 Kh6 45. h4 Rc6 46. Ra8 {Droht Matt: Rh8} 46... Kh7
47. a5 Rc2+ 48. Kg3 Rc5 49. Rxa6 Rxf5 50. Nf4 g6 (50... Re5 {
macht keinen grossen Unterschied} 51. Kf2 $18) 51. Ra7+ Kh6 (51... Kg8 {
hilft auch nicht mehr} 52. Nxg6 Rb5 53. a6 $18) 52. Ne6 {
Mit der Mattdrohung Nf8} 52... g5 53. Nf8 (53. f4 gxf4+ 54. Kf3 Rc5 55. Nf8
Rc3+ 56. Ke4 f5+ 57. Kd4 Rd3+ 58. Kxd3 f3 59. Rh7#) 53... gxh4+ 54. Kxh4 {
Droht Matt} 54... Rf4+ 55. Kg3 {Es droht Matt} 55... Kg5 56. Rg7+ (56. Ne6+ Kf5
57. Nxf4 h4+ 58. Kxh4 Ke5 59. Re7+ Kd6 60. Re6+ Kc5 61. a6 Kc4 62. a7 Kb4 63.
a8=Q Kc3 64. Qc8+ Kd2 65. Re2+ Kd1 66. Qc2#) 56... Kf5 57. Rh7 {
Mit der Mattdrohung Rxh5} 57... h4+ 58. Rxh4 {Es droht Matt} 58... Rxh4 59.
Kxh4 Kf4 60. a6 Ke3 61. a7 Kd4 62. a8=Q Kc4 63. Qe4+ Kc3 (63... Kb3 {
aendert nichts am Ausgang der Partie} 64. Ne6 f5 65. Qc6 Kb2 66. Nd4 Ka3 67.
Qc3+ Ka4 68. Qb3+ Ka5 69. Qb5#) 64. Ne6 Kb3 (64... Kd2 {aendert nichts mehr}
65. Qd4+ Kc1 66. Qc3+ Kb1 67. Nd4 Ka2 68. Qb3+ Ka1 69. Nc2#) 65. Nc5+ (65. Qd4
Kc2 66. Qe3 Kb2 67. Nd4 Kb1 68. Qb3+ Kc1 69. Qc2#) 65... Kc3 66. Kg4 Kb2 (66...
f5+ {waere gleichermassen fruchtlos} 67. Kxf5 Kd2 68. Qd3+ Ke1 69. f4 Kf2 70.
Ne4+ Ke1 71. Qd2+ Kf1 72. Qf2#) 67. Nb3 $18 (67. Qc4 Kb1 68. Qc3 f5+ 69. Kxf5
Ka2 70. Qc2+ Ka3 71. Qb3#) 67... Ka2 1-0

[Event "ICS rated blitz match"]
[Site "204.178.125.65"]
[Date "1999.10.02"]
[Round "?"]
[White "ThunderLips"]
[Black "Hossa"]
[Result "1-0"]
[WhiteElo "2582"]
[BlackElo "2390"]
[PlyCount "137"]
[EventDate "1999.??.??"]

1. e4 c6 2. d4 d5 3. Nc3 dxe4 4. Nxe4 Nd7 5. Bc4 b5 6. Bd3 e5 7. Nf3 exd4 8.
Qe2 Bb4+ 9. Bd2 Bxd2+ 10. Nexd2+ Ne7 11. Nxd4 O-O 12. O-O Nf6 13. c3 Re8 14.
Ne4 Nfd5 15. Qf3 f6 16. Nc5 a5 17. a4 b4 18. c4 Nb6 19. Rad1 Bd7 20. Nde6 Qc8
21. Nxd7 Nxd7 22. Qg3 g6 23. Nc7 Ne5 24. Nxe8 Qxe8 25. Bc2 Rd8 26. Qe3 Rd7 27.
f4 Nf7 28. Qe6 Rxd1 29. Rxd1 Kf8 30. Qxf6 Ng8 31. Qd4 Qe7 32. f5 gxf5 33. Bxf5
Nf6 34. Qf2 Kg8 35. Re1 Qd8 36. Be6 Kf8 37. Qa7 Nh8 38. b3 Qd2 39. Rf1 Qh6 40.
Qc5+ Ke8 41. Qe5 Ng6 42. Qxf6 Qe3+ 43. Kh1 Qd2 44. Qf7+ Kd8 45. Qg8+ Ke7 46.
Rf7+ Kxe6 47. Rf2+ Kd6 48. Rxd2+ Ke5 49. Qe8+ Kf5 50. Rf2+ Kg4 51. Qxc6 Kg5 52.
Rf6 Ne5 53. Qe6 Ng6 54. Rxg6+ hxg6 55. Qb6 Kf5 56. Qxa5+ Kf6 57. Qxb4 Ke6 58.
Qb6+ Ke5 59. a5 Kf5 60. a6 Ke5 61. a7 Ke4 62. a8=Q+ Kd3 63. c5 Kc3 64. c6 Kd3
65. c7 Kc3 66. c8=Q+ Kd3 67. Qd6+ Ke2 68. Qf3+ Ke1 69. Qdd1# {Hossa checkmated}
1-0

[Event "ICS rated blitz match"]
[Site "204.178.125.65"]
[Date "1999.10.01"]
[Round "?"]
[White "ThunderLips"]
[Black "Hossa"]
[Result "1-0"]
[WhiteElo "2498"]
[BlackElo "2417"]
[Annotator "Fritz 5.32 (60s)"]
[PlyCount "100"]
[EventDate "1999.??.??"]

1. d4 Nf6 2. Nf3 g6 3. c4 Bg7 4. Nc3 O-O 5. e4 d6 6. Be2 Na6 7. O-O e5 8. Be3
Ng4 9. Bg5 f6 10. Bc1 10... Bd7 $14 (10... Kh8 11. h3 Nh6 12. dxe5 dxe5 (12...
fxe5 13. Be3 Nf7 14. Qd2 Nc5 15. Ng5 Nxg5 16. Bxg5 Bf6 17. Be3 Ne6 18. Bg4 h5
19. Bxe6 Bxe6 20. Nd5 Bh4 21. Rac1 Kh7 22. Rc3 Rf7 23. b3 c6 24. Nb4 Rd7 25.
Rcc1 Bf6 26. f4 exf4 27. Bxf4 {
Karpov,A-Kasparov,G/Lyon/New York 1990/CBM 21/[Wahls]/1-0 (44)}) 13. Be3 Qe7
14. Nd5 Qf7 15. c5 c6 16. Nc3 Be6 17. Nd2 f5 18. exf5 gxf5 19. Bxa6 bxa6 20. f4
e4 21. Qa4 Rad8 22. Nb3 Rd3 23. Rfe1 Bxb3 24. Qxb3 Qc7 25. Rad1 {
Tuominen,R-Maki,V/Helsinki 1995/EXT 99/0-1 (38)}) (10... Qe8 11. h3 (11. c5
exd4 12. Nxd4 dxc5 13. Nb3 Qe6 14. Nd5 c6 15. Nf4 Qd7 16. Bxa6 bxa6 17. Qxd7
Bxd7 18. Nxc5 Rf7 19. Rd1 Ne5 20. Be3 Re8 21. Nxd7 Nxd7 22. Rac1 Rxe4 23. Rxc6
Bh6 24. g3 Ne5 25. Rd8+ Rf8 26. Rxf8+ Bxf8 27. Rxa6 Nc4 28. Nd5 Bg7 29. Rxa7
Nxe3 30. Nxe3 f5 31. b3 f4 32. gxf4 Rxf4 33. Rb7 Bd4 34. a4 Rf3 35. a5 {
1-0 Barkhagen,J-Winsnes,R/SWE 1991/TD (35)}) 11... Nh6 12. Re1 (12. Be3 f5 13.
Bxh6 Bxh6 14. dxe5 dxe5 15. exf5 Rxf5 16. Re1 Bg7 17. Ne4 b6 18. Nfg5 Bb7 19.
c5 Rd8 20. Qb3+ Kh8 21. c6 Qxc6 22. Bxa6 Bxa6 23. Rac1 Qd5 24. Rxc7 Qxb3 25.
axb3 Ra8 26. Rd1 Bc8 27. Rd8+ Rf8 28. Rxf8+ Bxf8 29. Rxh7+ {
1-0 Hoffmann,M-Rosenthal,D/Budapest 1991/EXT 97 (29)}) 12... Nf7 13. Rb1 Kh8
14. dxe5 Nxe5 15. Nd4 Qf7 16. b3 f5 17. f4 Nc6 18. Be3 Bd7 19. Rc1 Rae8 20. Bf3
fxe4 21. Nxe4 Nxd4 22. Bxd4 Qxf4 23. Bxg7+ Kxg7 24. c5 Bc6 25. cxd6 cxd6 26.
Qxd6 Rxe4 27. Qxf4 Rxe1+ 28. Rxe1 28... Rxf4 {
0-1 Haydon,R-Bates,R/ENG-chT9697 1997/EXT 99 (28)}) (10... f5 11. exf5 Bxf5 12.
h3 $14) 11. h3 {Weiss geht zum Angriff ueber} 11... Nh6 12. dxe5 fxe5 13. Bg5
Qe8 14. Bxh6 Bxh6 15. Qd5+ Be6 16. Qxb7 Qc8 17. Qxc8 Raxc8 18. a3 Nc5 19. b4
Nb3 20. Rad1 Rb8 21. Nd5 Rb7 22. Ne7+ Kg7 23. Nc6 23... Bf4 $18 (23... a5 24.
Rb1 a4 25. c5 $16) 24. Rfe1 $16 (24. Rb1 Nd2 25. Nxd2 25... Bxd2 $18) 24... Kh8
$18 (24... h5 $5 $16) 25. c5 {Weiss erhaelt Koenigsangriff} 25... dxc5 26. Nd8
(26. Nfxe5 Bxe5 27. Nxe5 cxb4 28. axb4 28... Rxb4 $11) 26... Rb6 (26... Bc8 27.
Nxb7 Bxb7 28. g3 $18) 27. Nxe6 Rxe6 28. Bc4 Rb6 29. Bxb3 cxb4 30. axb4 Rxb4 31.
Bd5 Rb6 32. Re2 (32. Ra1 c6 33. Bc4 33... Rb4 $18) 32... c6 33. Ba2 a5 34. Rd7
Rb5 35. Rc2 Rf6 (35... Rfb8 36. g3 $1 {die Entscheidung} (36. Rxc6 $4 {
der kann natuerlich nicht genommen werden} 36... Rb1+ 37. Bxb1 Rxb1+ 38. Rc1
Rxc1+ 39. Rd1 Rxd1+ 40. Ne1 Rxe1#) 36... Rb2 37. Rxb2 (37. gxf4 $6 37... Rxc2
38. Be6 38... Rcb2 $16 (38... exf4 39. Ng5 Rb1+ 40. Kg2 f3+ 41. Kg3 (41. Nxf3
$6 41... Rc5 $14) 41... Rg1+ 42. Kh4 Rxg5 43. Kxg5 Rc5+ 44. Kf6 h5 45. Kxg6
Rg5+ 46. Kh6 Rg6+ 47. Kxg6 a4 48. Rd8#)) 37... Rxb2 38. Be6 $18) 36. g3 Bh6 37.
Kg2 Bg7 38. Ng5 h5 (38... h6 39. Ne6 Bf8 40. Rd8 (40. Rxc6 $6 {
ist weit schwaecher wegen} 40... Rb2 41. Bc4 Rfxf2+ 42. Kg1 Rg2+ 43. Kh1 Rh2+
44. Kg1 Rhg2+ 45. Kh1 Rh2+ 46. Kg1 46... Rhg2+ $11) 40... Rxe6 41. Bxe6 $18)
39. Rxc6 $1 {Rueckgabe des Materials ist das staerkste. Droht Matt} 39... Rxc6
40. Rd8+ 40... Bf8 {
fuer Schwarz fuehrt kein Weg daran vorbei, das Material zurueckzugeben} 41.
Rxf8+ Kg7 42. Rf7+ 42... Kg8 {Schwarz droht, mit Rbb6 kontern} 43. Rb7+ Kf8 44.
Nh7+ (44. Rxb5 $142 {und Weiss haette es noch leichter} 44... Ra6 $18) 44...
Ke8 45. Rxb5 Ra6 46. Rxe5+ {Der Freibauer e4 ist ein wichtiges Motiv} 46... Kd8
47. Nf8 a4 48. Rg5 Rd6 (48... h4 {aendert den traurigen Lauf der Dinge nicht}
49. gxh4 Rc6 50. Rxg6 $18) 49. Nxg6 Kc7 50. e5 Rd2 1-0

[Event "ICS rated blitz match"]
[Site "204.178.125.65"]
[Date "1999.09.26"]
[Round "?"]
[White "ThunderLips"]
[Black "Hossa"]
[Result "1-0"]
[WhiteElo "2197"]
[BlackElo "2451"]
[Annotator "Fritz 5.32 (60s)"]
[PlyCount "117"]
[EventDate "1999.??.??"]

1. e4 d5 2. exd5 Qxd5 3. Nc3 Qa5 4. d4 Nf6 5. Nf3 Ne4 6. Bd2 (6. Bd3 Nxc3 7.
bxc3 g6 8. O-O Bg7 9. Re1 O-O 10. Rxe7 Nc6 11. Re3 Qxc3 12. Bd2 Qb2 13. Bxg6
Nxd4 14. Rb1 Nxf3+ 15. Rxf3 Qxa2 16. Bxh7+ Kxh7 17. Rb4 Rd8 18. h3 Qa1 19. Qxa1
Bxa1 20. Rg3 20... Bd4 {
0-1 Groszpeter,A-Reprintsev,A/Pardubice 1998/EXT 99 (20)}) 6... Nxd2 7. Qxd2 e6
8. Bd3 $146 (8. a3 Bb4 9. Bd3 Bxc3 10. bxc3 O-O 11. O-O c5 12. Rfe1 Nc6 13. Qg5
cxd4 14. Qxa5 Nxa5 15. cxd4 b6 16. Be4 Bb7 17. Bxb7 Nxb7 18. c4 Rac8 19. d5
Rxc4 20. dxe6 fxe6 21. Rxe6 Rfc8 22. Rae1 22... Rc3 {
Kospartov,T-Galev,I/Teteven 1991/EXT 97/ - (39)}) 8... Be7 9. O-O 9... O-O {
Schwarz hat Entwicklungsnachteil.} 10. a3 {Befestigt b4} 10... Nd7 11. Rfe1 Qb6
12. b4 a5 13. b5 c5 14. bxc6 Qxc6 15. Bb5 Qb6 16. Rab1 Nf6 17. Bd3 Qc6 18. Ne5
Qc7 19. Nb5 Qb6 20. c4 Nd7 21. c5 Qd8 22. Nf3 $14 (22. Nc4 Bg5 23. Qc2 23...
Nf6 $16) 22... Nf6 23. Nc3 Kh8 24. Rb3 a4 (24... Bd7 25. Ne5 (25. Rxb7 $143
25... Bc6 26. Reb1 Bxb7 27. Rxb7 27... Rb8 $11) 25... Bc6 26. Qf4 $16) 25. Rb4
Ng4 26. Qc2 g6 27. h3 Nf6 28. Bb5 28... Nd5 $18 (28... b6 29. Rc4 $16) 29. Nxd5
Qxd5 30. Bxa4 Kg8 31. Ne5 {Will c6 spielen} 31... Bg5 32. Qd3 Bh6 33. c6 $16 (
33. Nc4 33... Ra7 $18) 33... Bg7 $18 (33... Ra7 34. Nd7 Bxd7 35. cxd7 $16) 34.
c7 Qd6 35. Qc3 f6 36. Nd3 36... Ra5 $18 (36... Rf7 37. Rc1 $16) 37. Bb3 Re8 (
37... Kh8 $18) 38. Rxb7 Rxa3 (38... Ra8 39. Rb4 $18) 39. Rb8 (39. Rxe6 {
und Weiss haette es noch leichter} 39... Bxe6 (39... Rxe6 $4 40. Rb8 h5 41.
Rxc8+ Kh7 42. Rh8+ Bxh8 43. c8=Q $18) 40. c8=Q Ra1+ (40... Rxc8 $4 41. Qxc8+
Qf8 42. Bxe6+ (42. Qxe6+ $143 42... Kh8 $18) 42... Kh8 43. Rb8 Qxc8 44. Rxc8+
Bf8 45. Rxf8+ Kg7 46. Rf7+ Kh6 47. Nc5 $18) 41. Nc1 Rxc8 42. Qxc8+ Qf8 43.
Bxe6+ 43... Kh8 $18) 39... Bf8 40. Rxe6 {Der Freibauer d4 fuehrt schnell zu
Drohungen. Weiss erhaelt starke Drohungen in der geoeffneten e-Linie} 40...
Rxb3 41. Qxb3 Bxe6 42. Rxe8 Bxb3 43. c8=Q Bf7 44. Rd8 Qe7 (44... Qa3 {
aendert den traurigen Lauf der Dinge nicht} 45. Qc5 $1 {
nicht am Material kleben ist die Devise} 45... Kg7 46. Rxf8 Qxd3 47. Rh8 Qd1+
48. Kh2 $18) 45. d5 Kg7 (45... Qa3 {hilft auch nicht mehr} 46. d6 Kg7 47. d7
Qa1+ 48. Nc1 $18) 46. d6 Qe2 (46... Qe4 {
kann das Vorangegangene nicht ungeschehen machen} 47. Rxf8 Bd5 48. Nf4 Qxf4 49.
d7 $18) 47. Rxf8 Be6 48. Qd8 {Droht Matt} 48... Kh6 {Droht Bxh3} 49. Qxf6 (49.
Rxf6 Qd1+ 50. Kh2 Qxd3 51. Rxe6 Qd5 52. Qf8+ Kh5 53. g4+ Kh4 54. Qh6+ Qh5 55.
gxh5 g5 56. Re4+ g4 57. Rxg4#) 49... Qxd3 50. Qh4+ Kg7 51. Qe7+ 51... Kh6 {
Wenn Schwarz nun zu Qc4 kommt, geht es ihm besser} 52. Rf4 $1 {
ist die Ueberraschung!} 52... Qd1+ 53. Kh2 {Mit der Mattdrohung Rh4} 53... Qh5
54. Qf8+ Kg5 55. Re4 (55. Rd4 Qg4 56. Rxg4+ Bxg4 57. f4+ Kh5 58. Qe7 h6 59. Kg3
Bxh3 60. Qh4#) 55... Qxh3+ (55... Qf3 {aendert nichts mehr} 56. gxf3 Bf7 57.
Qg7 Bb3 58. Qe5+ Kh6 59. Rh4#) 56. gxh3 Bf7 57. Qe7+ Kh6 58. Qf6 Kh5 59. Rh4# (
59. Qh4#) 1-0

[Event "ICS rated blitz match"]
[Site "204.178.125.65"]
[Date "1999.10.06"]
[Round "?"]
[White "ThunderLips"]
[Black "Hossa"]
[Result "1/2-1/2"]
[WhiteElo "2559"]
[BlackElo "2518"]
[PlyCount "148"]
[EventDate "1999.??.??"]

1. d4 d5 2. c4 e5 3. dxe5 d4 4. Nf3 Nc6 5. g3 f6 6. exf6 Nxf6 7. Bg2 Bb4+ 8.
Bd2 Be7 9. Bf4 O-O 10. Nbd2 Nh5 11. Be5 Bb4 12. a3 Bxd2+ 13. Qxd2 Bg4 14. Bf4
Qe7 15. Bg5 Qc5 16. h3 Bxf3 17. Bxf3 Rxf3 18. exf3 Re8+ 19. Kd1 Qxc4 20. Re1
Qa4+ 21. Kc1 Ne5 22. b4 Qc6+ 23. Kb1 Qg6+ 24. Qc2 Qxg5 25. f4 Nxf4 26. h4 Qd8
27. gxf4 Nc6 28. Rxe8+ Qxe8 29. Qc4+ Qf7 30. Qxf7+ Kxf7 31. Kc2 Kf6 32. Kd3 a6
33. Re1 Kf5 34. Re8 Kxf4 35. Rc8 Ne5+ 36. Kxd4 Nf3+ 37. Kc5 b6+ 38. Kc6 Nd4+
39. Kxc7 b5 40. Kb6 g5 41. hxg5 Kxg5 42. Rc5+ Kf4 43. Kxa6 Kf3 44. Rh5 Kxf2 45.
Rxh7 Kf1 46. Rh4 Nc2 47. Rh1+ Kg2 48. Rb1 Nxa3 49. Rb3 Nc4 50. Kxb5 Ne5 51. Kb6
Nd7+ 52. Kc6 Ne5+ 53. Kc7 Ng6 54. b5 Nf4 55. Kd6 Nh5 56. b6 Nf6 57. b7 Kg1 58.
b8=Q Ne4+ 59. Kd5 Nf6+ 60. Ke6 Ne4 61. Rb1+ Kg2 62. Qb2+ Kh3 63. Qh8+ Kg4 64.
Qg8+ Kf3 65. Rf1+ Ke2 66. Qf7 Ng5+ 67. Ke7 Nxf7 68. Rxf7 Ke3 69. Rf5 Ke4 70.
Ra5 Kf4 71. Kf6 Ke4 72. Rh5 Kd4 73. Ke6 Ke3 74. Kd6 74... Ke4 {
ThunderLips ran out of time and Hossa has no material to mate} 1/2-1/2